Central Library OPAC University of Rajshahi

Types of agricultural occupance of flood plains in the United States / (Record no. 14854)

MARC details
000 -LEADER
fixed length control field 00885cam a22002772 4500
001 - CONTROL NUMBER
control field 14854
003 - CONTROL NUMBER IDENTIFIER
rucl marc code BD-RjUL
005 - DATE AND TIME OF LATEST TRANSACTION
control field 20211208235714.0
008 - FIXED-LENGTH DATA ELEMENTS--GENERAL INFORMATION
fixed length control field 140208s1962 xx a ab 000 0 eng
035 ## - SYSTEM CONTROL NUMBER
System control number (BD-RjUL)14908
040 ## - CATALOGING SOURCE
Original cataloging agency DLC
Transcribing agency DLC
Modifying agency DLC
-- BD-RjUL
Language of cataloging eng
041 ## - LANGUAGE CODE
Language code of text/sound track or separate title eng
082 ## - DEWEY DECIMAL CLASSIFICATION NUMBER
Classification number 631.6
Author mark and year BUT
100 1# - MAIN ENTRY--PERSONAL NAME
Personal name Burton, Ian,
Dates associated with a name 1935-
9 (RLIN) 14501
245 10 - TITLE STATEMENT
Title Types of agricultural occupance of flood plains in the United States /
260 ## - PUBLICATION, DISTRIBUTION, ETC. (IMPRINT)
Place of publication, distribution, etc. Chicago :
Date of publication, distribution, etc. Deptment of geography,
Name of publisher, distributor, etc. 1962.
300 ## - PHYSICAL DESCRIPTION
Pagination x, 167 l. ;
Illustrations illus. ;
Size 22cm
504 ## - BIBLIOGRAPHY, ETC. NOTE
Bibliography, etc Includes Bibliography: leaves 163-167 and index.
650 #0 - SUBJECT ADDED ENTRY--TOPICAL TERM
Topical term or geographic name as entry element Alluvial plains.
9 (RLIN) 46235
Topical term or geographic name as entry element Agriculture
Geographic subdivision United States.
9 (RLIN) 46236
830 #0 - SERIES ADDED ENTRY--UNIFORM TITLE
Volume number/sequential designation no. 75.
Uniform title Research paper (University of Chicago. Department of Geography),
942 ## - ADDED ENTRY ELEMENTS (KOHA)
Source of classification or shelving scheme Dewey Decimal Classification
Koha item type Books
Holdings
Lost status Source of classification or shelving scheme Damaged status Not for loan Collection code Permanent Location Current Location Shelving location Date acquired Source of acquisition Cost, normal purchase price Total Checkouts Full call number Date last seen Copy number Koha item type
  Dewey Decimal Classification   Not For Loan Non-fiction Central Library, University of Rajshahi Central Library, University of Rajshahi Reading Room 16/01/1963 Chicago University 0.00   631.6 BUT 1962 08/02/2014 C-1 Books
  Dewey Decimal Classification     Non-fiction Central Library, University of Rajshahi Central Library, University of Rajshahi   18/08/1965       631.6 BUT 1962 12/12/2018 C-2 Books